|
|
|
|
| LEADER |
00000nam a2200000 a 4500 |
| 001 |
vtls001093046 |
| 003 |
SK-MaSNL |
| 005 |
20260302020212.0 |
| 008 |
250414s1983 xo 0 slo |
| 015 |
|
|
|a SNBA1983/12
|
| 035 |
|
|
|a SNK000035888
|
| 040 |
|
|
|a SNK
|b slo
|c SNK
|e AACR2
|
| 041 |
0 |
|
|a slo
|
| 044 |
|
|
|a xo
|c SK
|
| 080 |
|
|
|a 681.7+535.31(075.8)
|2 1981
|
| 080 |
|
|
|a 535.31(075.8)
|2 1981
|
| 100 |
1 |
|
|a Fazekasová, Gabriela
|4 aut
|9 662854
|
| 245 |
1 |
0 |
|a Základy technickej optiky 1
|c Gabriela Fazekasová
|
| 250 |
|
|
|a 1. vyd.
|
| 260 |
|
|
|a Košice
|b VŠT
|a S.l.
|b ,t. [vyd.]
|c 1983
|e S.l.Edičné stredisko VŠT,Košice
|f Edičné stredisko VŠT,Košice
|
| 300 |
|
|
|a 203 s., 11,615 AH
|b Sch.
|c 29 cm
|
| 366 |
|
|
|e 300 výtl.
|
| 500 |
|
|
|a Lit. 15. Dočasné vysokoškolské texty. Rozmn. 15 zázn. v slov., češ., ruš. a angl.
|
| 852 |
|
|
|a Slovenská národná knižnica
|
| 954 |
|
|
|a optika technická
|a optika geometrická
|
| 958 |
|
|
|a OND
|
| 958 |
|
|
|a NB
|
| 958 |
|
|
|a UV
|
| 958 |
|
|
|a RM
|
| 999 |
|
|
|c 1024196
|d 1026126
|
| 952 |
|
|
|a SNK
|b SNK
|y PREZ
|7 0
|p 17A0776130
|o snkSB 36891/1
|0 0
|1 0
|4 0
|d 2012-04-02
|f 1
|l 0
|r 2025-04-15 00:00:00
|w 2026-02-24
|
| 952 |
|
|
|t P60, <04>, [BOOK], {604}
|a SNK
|b SNK
|y VYP
|7 0
|p 17A0209290
|o snkSB 36891/1 D1
|0 0
|1 0
|4 0
|d 1999-09-07
|l 0
|r 2004-12-31 00:00:00
|w 2026-02-24
|